Multimedia information systems

Αποθηκεύτηκε σε:
Λεπτομέρειες βιβλιογραφικής εγγραφής
Κύριος συγγραφέας: Αγγελίδης, Μάριος Κ.
Άλλοι συγγραφείς: Dustdar, Schahram
Μορφή: Βιβλίο
Γλώσσα:English
Δημοσίευση: Boston ; Dordrecht : Kluwer, c1997.
Σειρά:Kluwer international series in engineering and computer science. Multimedia systems and applications
Kluwer international series in engineering and computer science
Θέματα:
Ετικέτες: Προσθήκη ετικέτας
Δεν υπάρχουν, Καταχωρήστε ετικέτα πρώτοι!

MARC

LEADER 00000cam a2200000 i 4500
001 1/92088
008 991109s1997 mau| ||| |||| ||eng||
020 |a 0792399153 
035 |l 10053895 
040 |a GR-MyUA  |b gre  |e AACR2 
041 0 |a eng 
082 0 |a 006.7 
100 1 |a Αγγελίδης, Μάριος Κ. 
245 1 0 |a Multimedia information systems /   |c by Marios C. Angelides, Schahram Dustdar.  
260 |a Boston ; Dordrecht :   |b Kluwer,   |c c1997.  
300 |a xiv, 202 σ. :   |b εικ. ;   |c 24 εκ.  
490 1 |a (Kluwer international series in engineering and computer science. Multimedia systems and applications   |v ; 398)  
490 1 |a (Kluwer international series in engineering and computer science) 
504 |a Περιέχει βιβλιογραφικές αναφορές και ευρετήριο.  
650 0 0 |a Multimedia systems. 
700 1 |a Dustdar, Schahram. 
830 0 |a Kluwer international series in engineering and computer science. Multimedia systems and applications 
830 0 |a Kluwer international series in engineering and computer science 
852 |a INST  |b SAMOS  |e 20000201  |h 006.7 ΑΝΓ  |p 005300015944  |q 005300015944  |t BK  |y 0 
852 |a INST  |b SAMOS  |e 19991109  |h 006.7 ΑΝΓ  |p 005300016804  |q 005300016804  |t BK  |y 0 
901 |a BIBL3-1999-3 
901 |a BIBL3-2000-1 
909 |a Σ  |b 067461 
909 |a Σ  |b 071232 
922 |a 3ΕΛΗ  |b 199911  |c ΕΠΕΑΕΚ/ΜΑΘ  |d ΠΑΠΑΣΩΤΗΡΙΟΥ 
922 |a 3ΕΛΗ  |b 199912  |c ΤΠΕΣ  |d ΠΑΠΑΣΩΤΗΡΙΟΥ 
970 |a ΓΕΝΟΥΖΟΥ  |b ΧΡΥΣΑΝΘΗ  |z 1999/11/09